Подробности
| 000 -МАРКЕР |
| контрольное поле |
03913nam0a2200457 4500 |
| 001 - ИДЕНТИФИКАТОР ЗАПИСИ |
| контрольное поле |
RU\NLR\BIBL_A\010860040 |
| 005 - ИДЕНТИФИКАТОР ВЕРСИИ |
| контрольное поле |
20260409080415.0 |
| 010 ## - МЕЖДУНАРОДНЫЙ СТАНДАРТНЫЙ НОМЕР КНИГИ (ISBN) |
| Номер (ISBN) |
978-5-7904-1899-0 |
| Тираж |
110 |
| 021 ## - НОМЕР ГОСУДАРСТВЕННОЙ РЕГИСТРАЦИИ |
| Код страны |
российская федерация |
| Номер |
2015-67201 |
| Номер Листа государственной регистраци |
4021 |
| 035 ## - ДРУГИЕ СИСТЕМНЫЕ НОМЕРА |
| Идентификатор записи |
(NILC)RuMoRGB-008011673 |
| 035 ## - ДРУГИЕ СИСТЕМНЫЕ НОМЕРА |
| Идентификатор записи |
(NLR Aleph) 010860040 |
| 100 ## - ДАННЫЕ ОБЩЕЙ ОБРАБОТКИ |
| Данные общей обработки |
20151013d2014 |||y0rusy50 ca |
| 101 0# - ЯЗЫК РЕСУРСА |
| Язык текста, звукозаписи и т.д. |
русский |
| 102 ## - СТРАНА ПУБЛИКАЦИИ ИЛИ ПРОИЗВОДСТВА |
| Страна публикации |
российская федерация |
| 105 ## - ПОЛЕ КОДИРОВАННЫХ ДАННЫХ: ТЕКСТОВЫЕ МАТЕРИАЛЫ, МОНОГРАФИЧЕСКИЕ |
| Кодированные данные о монографическом текстовом документе |
ac||z|||100yy |
| 200 1# - ЗАГЛАВИЕ И СВЕДЕНИЯ ОБ ОТВЕТСТВЕННОСТИ |
| Основное заглавие |
Международный образовательный форум "Алтай - Азия 2014: Евразийское образовательное пространство - новые вызовы и лучшие практики", 25-26 сентября 2014 г., Барнаул |
| Сведения, относящиеся к заглавию |
сборник материалов |
| 210 ## - ПУБЛИКАЦИЯ, РАСПРОСТРАНЕНИЕ И ДР. |
| Место издания, распространения и т.д. |
Барнаул |
| Имя издателя, распространителя и т. д. |
Изд-во Алтайского государственного университета |
| Дата издания, распространения и т.д. |
2014 |
| 215 ## - ФИЗИЧЕСКАЯ ХАРАКТЕРИСТИКА |
| Специфическое обозначение материала и объем |
379 с., [6] л. цв. ил., портр. |
| Другие сведения о физической характеристике |
ил., табл. |
| Размеры |
29 |
| 300 ## - ОБЩИЕ ПРИМЕЧАНИЯ |
| Текст примечания |
Загл. обл.: II Международный образовательный форум "Алтай - Азия 2014: Евразийское образовательное пространство - новые вызовы и лучшие практики", 25-26 сентября 2014 г., Барнаул |
| 300 ## - ОБЩИЕ ПРИМЕЧАНИЯ |
| Текст примечания |
В надзаг.: М-во образования и науки Российской Федерации, Администрация Алтайского края, Ассоц. Азиатских ун-тов, ФГБОУ ВПО "Алтайский гос. ун-т" |
| 309 ## - ПРИМЕЧАНИЯ ОБ ОСНОВНОМ ИСТОЧНИКЕ ИНФОРМАЦИИ И ОБ ОСОБЕННОСТЯХ ПОЛИГРАФИЧЕСКОГО ОФОРМЛЕНИЯ ИЗДАНИЯ |
| Текст примечания |
На тит. л. и обл. пунктуационные знаки указаны с опечатками |
| 320 ## - ПРИМЕЧАНИЯ О НАЛИЧИИ В ДОКУМЕНТЕ БИБЛИОГРАФИИ / УКАЗАТЕЛЯ |
| Текст примечания |
Библиогр. в конце ст. |
| 512 1# - ЗАГЛАВИЕ ОБЛОЖКИ |
| Заглавие обложки |
II Международный образовательный форум "Алтай - Азия 2014: Евразийское образовательное пространство - новые вызовы и лучшие практики" |
| 517 1# - ДРУГИЕ ВАРИАНТЫ ЗАГЛАВИЯ |
| Вариант заглавия |
Евразийское образовательное пространство - новые вызовы и лучшие практики |
| 606 ## - НАИМЕНОВАНИЕ ТЕМЫ КАК ПРЕДМЕТ |
| Наименование темы |
Высшее образование |
| Тематический подзаголовок |
Инновации |
| Формальный подзаголовок |
Съезды, совещания и т.п |
| Идентификатор авторитетной/нормативной записи |
RU\NLR\AUTH\6601752542 |
| Системный номер авторитетной/нормативной записи |
2664515 |
| 606 1# - НАИМЕНОВАНИЕ ТЕМЫ КАК ПРЕДМЕТ |
| Наименование темы |
Высшие учебные заведения |
| Формальный подзаголовок |
Съезды, совещания и т.п |
| Тематический подзаголовок |
Международное сотрудничество |
| Географический подзаголовок |
Российская Федерация |
| Системный номер авторитетной/нормативной записи |
2300929 |
| Идентификатор авторитетной/нормативной записи |
RU\NLR\AUTH\661377567 |
| 606 1# - НАИМЕНОВАНИЕ ТЕМЫ КАК ПРЕДМЕТ |
| Наименование темы |
Высшие учебные заведения |
| Формальный подзаголовок |
Съезды, совещания и т.п |
| Тематический подзаголовок |
Международное сотрудничество |
| Географический подзаголовок |
Азиатские страны |
| Системный номер авторитетной/нормативной записи |
2546922 |
| Идентификатор авторитетной/нормативной записи |
RU\NLR\AUTH\6601720698 |
| 610 0# - НЕКОНТРОЛИРУЕМЫЕ ПРЕДМЕТНЫЕ ТЕРМИНЫ |
| Предметный термин |
образование в Российской Федерации |
| 610 0# - НЕКОНТРОЛИРУЕМЫЕ ПРЕДМЕТНЫЕ ТЕРМИНЫ |
| Предметный термин |
образование в Алтайском крае |
| 675 ## - УНИВЕРСАЛЬНАЯ ДЕСЯТИЧНАЯ КЛАССИФИКАЦИЯ (UDC/УДК) |
| Индекс |
37.0 |
| 686 1# - ИНДЕКСЫ ДРУГИХ КЛАССИФИКАЦИЙ |
| Индекс |
Ч481.2я431 |
| 686 1# - ИНДЕКСЫ ДРУГИХ КЛАССИФИКАЦИЙ |
| Индекс |
Ч484(2Р)7ж.я431 |
| 686 1# - ИНДЕКСЫ ДРУГИХ КЛАССИФИКАЦИЙ |
| Индекс |
Ч484(5)7ж.я431 |
| 710 12 - НАИМЕНОВАНИЕ ОРГАНИЗАЦИИ - ПЕРВИЧНАЯ ОТВЕТСТВЕННОСТЬ |
| Начальный элемент ввода |
"Алтай - Азия 2014: Евразийское образовательное пространство - новые вызовы и лучшие практики", международный образовательный форум |
| Порядковый номер временной организации и / или порядковый номер ее части |
2 |
| Место проведения временной организации |
Барнаул |
| Системный номер авторитетной/нормативной записи |
487891 |
| Идентификатор авторитетной/нормативной записи |
RU\NLR\AUTH\880411165 |
| 801 #0 - ИСТОЧНИК ЗАПИСИ |
| Страна |
российская федерация |
| Организация |
РГБ |
| Дата составления |
20150903 |
| Правила каталогизации |
RCR |
| 942 ## - ДОПОЛНИТЕЛЬНЫЕ ЭЛЕМЕНТЫ ЗАПИСИ (АБИС) |
| Тип экземпляра АБИС |
Книга |
| 980 ## - КОЛЛЕКЦИЯ |
| Название коллекции |
НБР |
| 980 ## - КОЛЛЕКЦИЯ |
| Название коллекции |
Национальная библиография |